Countries that Export the Most Turmeric - Statistics

General Stats
  • This quiz has been taken 136 times
    92 since last reset
  • The average score is 9 of 15
Answer Stats
Value Country % Correct
225.5 India
98%
4.6 United States
89%
2.9 Thailand
85%
9.0 Indonesia
84%
12.4 Vietnam
84%
5.4 Bangladesh
83%
10.1 Myanmar
70%
3.6 Japan
64%
4.2 Spain
53%
6.0 Ethiopia
38%
7.5 Germany
38%
6.0 Peru
35%
15.6 Netherlands
25%
9.7 United Arab Emirates
23%
10.5 Fiji
6%
No matching quizzes found
Score Distribution
Percent of People with Each Score
Percentile by Number Answered
Your Score History
You have not taken this quiz since the last reset